Quản lý và tái sử dụng chất thải hữu cơ
Сохранить в:
| Формат: | |
|---|---|
| Опубликовано: |
[kxđ]
[kxđ]
|
| Предметы: | |
| Метки: |
Добавить метку
Нет меток, Требуется 1-ая метка записи!
|
| Thư viện lưu trữ: | Trung tâm Học liệu Lê Vũ Hùng, Trường Đại học Đồng Tháp |
|---|
| LEADER | 00683pam a22002298a 4500 | ||
|---|---|---|---|
| 001 | 00038695 | ||
| 005 | 20171026081025.0 | ||
| 008 | 170516s ||||||Viesd | ||
| 041 | 0 | # | |a Vie |
| 082 | 1 | 4 | |a 628.4 |b QU105L |
| 245 | 1 | 0 | |a Quản lý và tái sử dụng chất thải hữu cơ |
| 260 | # | # | |a [kxđ] |b [kxđ] |
| 300 | # | # | |a 145 tr. |c 29 cm |
| 653 | # | # | |a Hữu cơ |
| 653 | # | # | |a Quản lý |
| 653 | # | # | |a Tái sử dụng |
| 852 | # | # | |b Kho mượn |j KM.0022372 |
| 852 | # | # | |b Kho đọc |j KD.0021297 |
| 852 | # | # | |j KD.0021297 |j KM.0022372 |
| 910 | |d 16/05/2017 | ||
| 980 | # | # | |a Trung tâm Học liệu Lê Vũ Hùng, Trường Đại học Đồng Tháp |